[Event "Zhukovsky op"]
[Site "Zhukovsky"]
[Date "2014.??.??"]
[Round "7"]
[White "Temichev, Evgeniy"]
[Black "Slesarev, I."]
[Result "0-1"]
[WhiteElo "1906"]
[BlackElo "2008"]
[PlyCount "94"]
[EventDate "2014.08.08"]
[EventType "swiss"]
[EventRounds "9"]
[EventCountry "RUS"]
[SourceTitle "CBM 162 Extra"]
[Source "ChessBase"]
[SourceDate "2014.10.17"]
[SourceVersion "1"]
[SourceVersionDate "2014.10.17"]
[SourceQuality "1"]

1. e4 c5 2. Nf3 d6 3. c4 Nc6 4. d4 cxd4 5. Nxd4 Nf6 6. Nc3 g6 7. Be2 Bg7 8. Be3 0-0 9. Qd2 Ng4 10. Bxg4 Bxg4 11. f3 Bd7 12. 0-0 Rc8 13. Rac1 Ne5 14. b3 Re8 15. Qf2 Nd3 16. Qd2 Nxc1 17. Rxc1 a6 18. Bg5 Qa5 19. Bh4 Qh5 20. Bg3 b5 21. Nd5 Be6 22. Nf4 Bxd4+ 23. Qxd4 Qc5 24. Nxe6 fxe6 25. Bf2 Qxd4 26. Bxd4 bxc4 27. b4 e5 28. Bc3 Kf7 29. Kf2 Ke6 30. Rd1 g5 31. Rd5 h5 32. a4 Rf8 33. b5 axb5 34. axb5 Rc5 35. b6 Rxd5 36. exd5+ Kxd5 37. Bd2 g4 38. Kg3 gxf3 39. gxf3 Kd4 40. Kf2 e4 41. Be3+ Kd3 42. f4 d5 43. Bc5 Rxf4+ 44. Kg3 Rg4+ 45. Kf2 c3 46. Bxe7 c2 47. b7 c1Q 0-1

[Event "Zhukovsky op"]
[Site "Zhukovsky"]
[Date "2012.04.??"]
[Round "1"]
[White "Vatolin, Aleksey"]
[Black "Slesarev, I."]
[Result "0-1"]
[WhiteElo "1730"]
[BlackElo "2004"]
[PlyCount "58"]
[EventDate "2012.04.??"]
[EventType "swiss"]
[EventRounds "9"]
[EventCountry "RUS"]
[SourceTitle "EXT 2014"]
[Source "ChessBase"]
[SourceDate "2013.11.20"]
[SourceVersion "1"]
[SourceVersionDate "2013.11.20"]
[SourceQuality "1"]

1. e4 c5 2. Nf3 e6 3. d4 cxd4 4. Nxd4 a6 5. Nc3 d6 6. Be2 Nf6 7. Bg5 Be7 8. f4 Nbd7 9. f5 e5 10. Nf3 Qc7 11. Nd5 Nxd5 12. Qxd5 Nf6 13. Bxf6 Bxf6 14. Rd1 0-0 15. 0-0 Qxc2 16. Rd2 Qc5+ 17. Qxc5 dxc5 18. Rd5 b6 19. Nxe5 Re8 20. Nd7 Bd4+ 21. Kh1 Bb7 22. Rd6 Bxe4 23. Nxb6 Ra7 24. Bc4 Bxb2 25. Rfd1 Bd4 26. Nd7 Bxf5 27. Nxc5 Bxc5 28. R6d5 Rd7 29. h3 Red8 0-1

[Event "Zhukovsky op-A"]
[Site "Zhukovsky"]
[Date "2008.11.28"]
[Round "2"]
[White "Mozgalov, Viktor"]
[Black "Slesarev, I."]
[Result "1/2-1/2"]
[WhiteElo "1905"]
[BlackElo "2028"]
[PlyCount "85"]
[EventDate "2008.11.28"]
[EventType "swiss"]
[EventRounds "9"]
[EventCountry "RUS"]
[SourceTitle "EXT 2022"]
[Source "ChessBase"]
[SourceDate "2021.10.06"]
[SourceVersion "1"]
[SourceVersionDate "2021.10.06"]
[SourceQuality "1"]

1. d4 d5 2. c4 c6 3. Nf3 e6 4. e3 Nf6 5. Nc3 Nbd7 6. Qc2 Bd6 7. b3 0-0 8. Bb2 e5 9. dxe5 Nxe5 10. Nxe5 Bxe5 11. cxd5 cxd5 12. Be2 Qa5 13. 0-0 Be6 14. Rac1 Rac8 15. Qd2 Rfd8 16. Rfd1 Qb4 17. Qe1 Bb8 18. Nb5 Qh4 19. g3 Qh6 20. Rxc8 Bxc8 21. Bxf6 Qxf6 22. Qc3 Be5 23. Nd4 Bh3 24. Rc1 h5 25. Qd2 h4 26. f4 Bd6 27. Bf3 hxg3 28. hxg3 Qg6 29. Kf2 Ba3 30. Rc7 Qh6 31. Qc2 Qf6 32. Rxb7 Qa6 33. Rb5 Rc8 34. Qd3 Bd7 35. Bxd5 Bxb5 36. Nxb5 Be7 37. a4 Qb6 38. Bxf7+ Kf8 39. Qf5 Rc5 40. Bd5+ Bf6 41. Qh5 g6 42. Qh6+ Bg7 43. Qg5 1/2-1/2

[Event "Zhukovsky op-A"]
[Site "Zhukovsky"]
[Date "2008.11.28"]
[Round "3"]
[White "Slesarev, I."]
[Black "Dolgova, Tamara"]
[Result "1/2-1/2"]
[WhiteElo "2028"]
[BlackElo "1929"]
[PlyCount "95"]
[EventDate "2008.11.28"]
[EventType "swiss"]
[EventRounds "9"]
[EventCountry "RUS"]
[SourceTitle "EXT 2022"]
[Source "ChessBase"]
[SourceDate "2021.10.06"]
[SourceVersion "1"]
[SourceVersionDate "2021.10.06"]
[SourceQuality "1"]

1. d4 d5 2. c4 e6 3. Nf3 c5 4. e3 Nc6 5. Nc3 Nf6 6. a3 a6 7. dxc5 dxc4 8. Qxd8+ Nxd8 9. Bxc4 Bxc5 10. b4 Be7 11. Bb2 b5 12. Bd3 Bb7 13. Ke2 0-0 14. Rhd1 Nc6 15. Ne4 Rad8 16. Nxf6+ Bxf6 17. Bxf6 gxf6 18. Be4 f5 19. Bxc6 Bxc6 20. Nd4 Bd5 21. f3 Rc8 22. Rdc1 Rc4 23. Rxc4 Bxc4+ 24. Kf2 Kg7 25. Rd1 Kf6 26. Ne2 Ke7 27. Ke1 Rg8 28. g3 Rc8 29. Rc1 Rd8 30. Nd4 Kf6 31. f4 h5 32. Kf2 Rd6 33. a4 Rd8 34. axb5 axb5 35. Ra1 Rh8 36. Nf3 Re8 37. Ne5 Bd5 38. Ra5 Rc8 39. Ra7 Kg7 40. Rxf7+ Kg8 41. Ra7 Rc2+ 42. Ke1 Rxh2 43. Nd7 Bc4 44. Nf6+ Kf8 45. Rd7 Re2+ 46. Kd1 Rxe3 47. Nh7+ Kg8 48. Nf6+ 1/2-1/2

[Event "Zhukovsky op-A"]
[Site "Zhukovsky"]
[Date "2008.11.28"]
[Round "4"]
[White "Slesarev, I."]
[Black "Shvetzov, Mikhail"]
[Result "0-1"]
[WhiteElo "2028"]
[BlackElo "1802"]
[PlyCount "44"]
[EventDate "2008.11.28"]
[EventType "swiss"]
[EventRounds "9"]
[EventCountry "RUS"]
[SourceTitle "EXT 2022"]
[Source "ChessBase"]
[SourceDate "2021.10.06"]
[SourceVersion "1"]
[SourceVersionDate "2021.10.06"]
[SourceQuality "1"]

1. d4 Nf6 2. c4 g6 3. Nc3 Bg7 4. e4 d6 5. Be2 0-0 6. Nf3 e5 7. Be3 Nc6 8. d5 Ne7 9. Nd2 Ne8 10. c5 f5 11. f3 Rf7 12. 0-0 f4 13. Bf2 g5 14. Rc1 Bf8 15. b4 Rg7 16. Nc4 Kh8 17. cxd6 cxd6 18. a4 h5 19. Nb5 g4 20. Bxa7 Ng6 21. a5 g3 22. Ncxd6 Bxd6 0-1

[Event "Zhukovsky op-A"]
[Site "Zhukovsky"]
[Date "2008.11.28"]
[Round "1"]
[White "Slesarev, I."]
[Black "Zhukovsky, Viacheslav"]
[Result "0-1"]
[WhiteElo "2028"]
[BlackElo "2072"]
[PlyCount "84"]
[EventDate "2008.11.28"]
[EventType "swiss"]
[EventRounds "9"]
[EventCountry "RUS"]
[SourceTitle "EXT 2022"]
[Source "ChessBase"]
[SourceDate "2021.10.06"]
[SourceVersion "1"]
[SourceVersionDate "2021.10.06"]
[SourceQuality "1"]

1. d4 Nf6 2. c4 c5 3. d5 b5 4. e3 bxc4 5. Bxc4 g6 6. Nf3 Bg7 7. Nc3 0-0 8. 0-0 d6 9. Qe2 Nbd7 10. Rd1 Nb6 11. Bb3 a5 12. a4 Ba6 13. Nb5 Qd7 14. e4 Rfb8 15. e5 Ne8 16. e6 fxe6 17. Ng5 e5 18. Qe4 Nf6 19. Qh4 Bxb5 20. axb5 Qg4 21. Qxg4 Nxg4 22. Ne6 a4 23. Bc2 Nf6 24. Bg5 Ra5 25. Bd3 c4 26. Bd2 Rxb5 27. Bc2 Rxb2 28. Bxa4 Nfxd5 29. Bc1 Rb4 30. Bc6 Nc3 31. Bd2 Nxd1 32. Bxb4 Nb2 33. Ra7 Bf6 34. g4 h6 35. Be4 g5 36. Bf5 Nd5 37. Ba5 Nd3 38. h4 gxh4 39. Bd2 N3f4 40. Kh2 c3 41. Bc1 Kf7 42. Ba3 Nxe6 0-1